[Event "It (open) \"]
[Site "masterchessopen.com Berdsk (Russia)"]
[Date "2008.07.10"]
[Round "3"]
[White "Kazachansky Sergei (RUS)"]
[Black "Kuznetsov Alexander (RUS)"]
[Result "1-0"]
[WhiteElo "2068"]
[BlackElo "1787"]

1.Nf3 Nf6 2.d4 e6 3.c4 Bb4+ 4.Nbd2 O-O 5.a3 Be7 6.e3 c5 7.dxc5 Bxc5 8.Bd3 Nc6
9.O-O d5 10.b4 Be7 11.Bb2 b6 12.Qe2 Bb7 13.Rfd1 dxc4 14.Nxc4 Nd7 15.Nce5 Ncxe5
16.Nxe5 Bd5 17.Nxd7 Qxd7 18.Qg4 g6 19.Qd4 f6 20.Bc4 Rad8 21.e4 Bc6 22.Qxd7
Bxd7 23.Rxd7 Rxd7 24.Bxe6+ {#r} 1-0

[Event "Cup North Sea (open)"]
[Site "masterchessopen.com Esbjerg (Denmark)"]
[Date "2008.07.12"]
[Round "2"]
[White "Aswin Jayaram (IND)"]
[Black "Grove Peter (DEN)"]
[Result "1-0"]
[WhiteElo "2437"]
[BlackElo "2143"]

1.d4 Nf6 2.Nf3 e6 3.c4 Bb4+ 4.Nbd2 O-O 5.g3 d5 6.Qb3 c5 7.a3 Qa5 8.Qa2 Bxd2+
9.Bxd2 Qc7 10.dxc5 a5 11.cxd5 Qxc5 12.Rc1 Qxd5 13.Qxd5 Nxd5 14.Ne5 Nc6 15.Nxc6
bxc6 16.e4 Nf6 17.f3 Bb7 18.Kf2 Nd7 19.Bc3 c5 20.Bb5 Nb6 21.Be5 Rac8 22.Rhd1
{#r} 1-0

[Event "Ch World (schools) (under 13)"]
[Site "masterchessopen.com Singapore"]
[Date "2008.07.26"]
[Round "5"]
[White "Jung Young Hoon (KOR)"]
[Black "Emiroglu Cankut (TUR)"]
[Result "0-1"]
[WhiteElo "1604"]
[BlackElo "2101"]

1.d4 Nf6 2.Nf3 e6 3.c4 Bb4+ 4.Bd2 Qe7 5.Bxb4 Qxb4+ 6.Nbd2 Qxb2 7.e3 Qb4 8.Rb1
Qe7 9.Bd3 d6 10.O-O Nbd7 11.Ne4 O-O 12.Qc2 h6 13.h3 c6 14.Rbe1 Nxe4 15.Bxe4 e5
16.Nd2 Nf6 17.Bd3 {#R} 0-1

[Event "Ch Chess Club (open)"]
[Site "masterchessopen.com Omsk (Russia)"]
[Date "2008.08.03"]
[Round "1"]
[White "Pozdniakov Vladimir (RUS)"]
[Black "Borisov Sergey (RUS)"]
[Result "1-0"]
[WhiteElo "2251"]
[BlackElo "2126"]

1.d4 Nf6 2.c4 e6 3.Nf3 Bb4+ 4.Nbd2 d5 5.a3 Be7 6.e3 O-O 7.Bd3 Nbd7 8.Qc2 c5
9.b3 b6 10.Ne5 Bb7 11.Ndf3 Re8 12.Nxd7 Qxd7 13.dxc5 bxc5 14.Bb2 {#r} 1-0

[Event "Ch Montenegro (team) (Premier League)"]
[Site "masterchessopen.com Herceg Novi (Montenegro)"]
[Date "2008.08.26"]
[Round "2"]
[White "Lekic Dusan (MNE)"]
[Black "Drasko Milan (MNE)"]
[Result "0-1"]
[WhiteElo "2393"]
[BlackElo "2537"]

1.d4 e6 2.c4 Nf6 3.Nf3 Bb4+ 4.Bd2 c5 5.Bxb4 cxb4 6.g3 O-O 7.Bg2 d6 8.O-O Nc6
9.a3 bxa3 10.Rxa3 e5 11.h3 h6 12.Nc3 Bf5 13.e3 a6 14.Kh2 Rc8 15.b3 Re8 16.Re1
Ne4 17.Nd5 Nxf2 18.Qe2 Ne4 19.dxe5 dxe5 20.Nh4 Nxg3 {#R} 0-1

[Event "It \"]
[Site "masterchessopen.com Abudhabi (United Arab Emirates)"]
[Date "2008.09.07"]
[Round "3"]
[White "Geldyeva Mekhri (TKM)"]
[Black "Chiburdanidze Maia (GEO)"]
[Result "1-0"]
[WhiteElo "2254"]
[BlackElo "2489"]

1.d4 Nf6 2.c4 e6 3.Nf3 Bb4+ 4.Bd2 Bxd2+ 5.Nbxd2 d5 6.e3 O-O 7.Be2 Nbd7 8.O-O
Qe7 9.Rc1 c5 10.Qc2 dxc4 11.Nxc4 Rd8 12.Rfd1 cxd4 13.Nxd4 Nf8 14.Nb5 Bd7
15.Nbd6 Bc6 16.e4 e5 17.Nf5 Qc5 18.Ncd6 Qxc2 19.Ne7+ {#r} 1-0

[Event "Ch Poland (team) (Extra League)"]
[Site "masterchessopen.com Karpacz (Poland)"]
[Date "2008.09.12"]
[Round "7"]
[White "Jaracz Pawel (POL)"]
[Black "Warakomska Anna (POL)"]
[Result "1-0"]
[WhiteElo "2513"]
[BlackElo "2169"]

1.Nf3 Nf6 2.c4 e6 3.d4 Bb4+ 4.Bd2 a5 5.Nc3 b6 6.Bg5 Bb7 7.Qc2 h6 8.Bh4 d6 9.e3
Nbd7 10.Bd3 e5 11.Bf5 exd4 12.exd4 Qe7+ 13.Kf1 Bxc3 14.Qxc3 O-O-O 15.Re1 Qf8
16.d5 Ba6 17.Bxf6 gxf6 18.Nd4 Qg7 19.Re7 Qg5 20.h4 Qg8 21.Nc6 Qf8 22.Rh3 Bb7
23.Qxf6 {#r} 1-0

[Event "Tournament"]
[Site "masterchessopen.com Vecindario (Spain)"]
[Date "2008.09.15"]
[Round "1"]
[White "Arana Hernandez Moises (ESP)"]
[Black "Alvarado Diaz Alejandro (ESP)"]
[Result "0-1"]
[WhiteElo "1658"]
[BlackElo "1732"]

1.Nf3 Nf6 2.c4 e6 3.d4 Bb4+ 4.Bd2 a5 5.Qa4 Bxd2+ 6.Nbxd2 O-O 7.e4 d6 8.Qb5
Nbd7 9.Bd3 c5 10.O-O cxd4 11.Nxd4 Nc5 12.Nc6 bxc6 13.Qxc6 Bb7 14.Qb5 Ba6
15.Qc6 Rc8 16.Qxc8 Qxc8 17.Bc2 Qb7 18.e5 Ncd7 {#R} 0-1

[Event "Ch Switzerland (team) 2008"]
[Site "masterchessopen.com Switzerland"]
[Date "2008.09.21"]
[Round "9"]
[White "Ekstroem Roland (SUI)"]
[Black "Prusikin Michael (GER)"]
[Result "1-0"]
[WhiteElo "2478"]
[BlackElo "2538"]

1.d4 Nf6 2.Nf3 e6 3.c4 Bb4+ 4.Bd2 Bxd2+ 5.Qxd2 d6 6.Nc3 Nbd7 7.g3 O-O 8.Bg2 e5
9.O-O c6 10.e4 a6 11.Rad1 Qc7 12.Nh4 b5 13.Nf5 b4 14.Na4 c5 15.dxc5 dxc5
16.Qg5 g6 17.f4 Ne8 18.fxe5 Bb7 19.Nh6+ Kg7 20.Ng4 Kg8 21.Qe7 Bc6 22.Nxc5 Qa7
23.e6 {#r} 1-0

[Event "Ch Bulgaria (team) (w)"]
[Site "masterchessopen.com Borovets (Bulgaria)"]
[Date "2008.10.01"]
[Round "1"]
[White "Dragomirescu Angela (ROM)"]
[Black "Voiska Margarita (BUL)"]
[Result "0-1"]
[WhiteElo "2223"]
[BlackElo "2318"]

1.d4 Nf6 2.Nf3 e6 3.c4 Bb4+ 4.Bd2 a5 5.Qc2 d5 6.g3 c5 7.Bg2 cxd4 8.Nxd4 O-O
9.cxd5 Qb6 10.Bxb4 axb4 11.e3 exd5 12.Nd2 Nc6 13.N2b3 Bg4 14.O-O Rfc8 15.Qd2
Ne5 16.f3 Bd7 17.Rfe1 Re8 18.Bf1 Ba4 19.Rac1 Bxb3 20.axb3 Qxd4 21.exd4 Nxf3+
22.Kg2 Nxd2 {#R} 0-1

[Event "Landesliga Bayern South 2008/09"]
[Site "masterchessopen.com Bayern (Germany)"]
[Date "2008.10.05"]
[Round "1"]
[White "Holl Andreas (GER)"]
[Black "Fuchs Georg (AUT)"]
[Result "0-1"]
[WhiteElo "2183"]
[BlackElo "2210"]

1.d4 Nf6 2.Nf3 e6 3.c4 Bb4+ 4.Bd2 Qe7 5.e3 O-O 6.Be2 b6 7.O-O Bb7 8.Nc3 d5
9.cxd5 exd5 10.Rc1 Nbd7 11.Qa4 a6 12.Nh4 g6 13.g3 Bd6 14.Ng2 c5 15.dxc5 bxc5
16.Rfe1 Rfd8 17.Nf4 Ne5 18.Rcd1 d4 19.exd4 cxd4 20.Qxd4 Bc5 21.Qa4 Rxd2 {#R}
0-1

[Event "It \"]
[Site "masterchessopen.com Villa Martelli (Argentina)"]
[Date "2008.10.10"]
[Round "1"]
[White "Scarella Enrique (ARG)"]
[Black "Bruno Gerardo (ARG)"]
[Result "1-0"]
[WhiteElo "2368"]
[BlackElo "1738"]

1.d4 Nf6 2.Nf3 e6 3.c4 Bb4+ 4.Bd2 c5 5.Bxb4 cxb4 6.g3 d6 7.Bg2 Qb6 8.O-O O-O
9.Nbd2 Nc6 10.e3 e5 11.d5 Ne7 12.e4 Bg4 13.Qc2 Rfc8 14.a3 bxa3 15.Rxa3 Bd7
16.Qc3 a5 17.Ne1 Qa6 18.Nd3 Bb5 19.cxb5 {#r} 1-0

[Event "Ch Chess Club (open)"]
[Site "masterchessopen.com Poznan (Poland)"]
[Date "2008.10.17"]
[Round "7"]
[White "Musialkiewicz Pawel (POL)"]
[Black "Scibior Adam (POL)"]
[Result "0-1"]
[WhiteElo "1869"]
[BlackElo "2226"]

1.d4 Nf6 2.c4 e6 3.Nf3 Bb4+ 4.Bd2 Qe7 5.a3 Bxd2+ 6.Nbxd2 d6 7.e4 e5 8.d5 O-O
9.Bd3 Nh5 10.O-O g6 11.Ne1 Nf4 12.Kh1 f5 13.f3 Nd7 14.b4 a5 15.g3 Nh3 16.Ng2
Nf6 17.Nb3 fxe4 18.Bxe4 Nxe4 19.fxe4 Nf2+ 20.Rxf2 Rxf2 21.Kg1 Qf7 {#R} 0-1

[Event "Ch World (juniors) (under 16)"]
[Site "masterchessopen.com Vung Tau (Vietnam)"]
[Date "2008.10.27"]
[Round "8"]
[White "Petrosyan Hovhannes (ARM)"]
[Black "Vlasak Lukas (CZE)"]
[Result "1-0"]
[WhiteElo "2021"]
[BlackElo "2161"]

1.Nf3 Nf6 2.d4 e6 3.c4 Bb4+ 4.Bd2 c5 5.Bxb4 cxb4 6.e3 O-O 7.Be2 d6 8.O-O Nc6
9.a3 bxa3 10.Rxa3 e5 11.d5 Nb4 12.Nc3 Bg4 13.Nd2 Bxe2 14.Qxe2 b6 15.Rb3 a5
16.Nb5 Qe7 17.e4 Nd7 18.Rh3 Nc5 19.Qh5 h6 20.Qg4 Kh8 21.Nf3 Kh7 22.Ng5+ Kg8
23.Rxh6 f5 24.Rh8+ {#r} 1-0

[Event "It (open)"]
[Site "masterchessopen.com Obrenovac (Serbia)"]
[Date "2008.11.05"]
[Round "9"]
[White "Nikolic Branislav (SRB)"]
[Black "Karadarevic Slobodan (SRB)"]
[Result "1-0"]
[WhiteElo "2148"]
[BlackElo "1814"]

1.d4 Nf6 2.c4 e6 3.Nf3 Bb4+ 4.Bd2 Bxd2+ 5.Nbxd2 b6 6.e4 d5 7.e5 Ng4 8.h3 Nh6
9.Bd3 f5 10.exf6 Qxf6 11.O-O O-O 12.Qc2 g6 13.cxd5 exd5 14.Qxc7 Nc6 15.Bb5
Nxd4 16.Nxd4 Qxd4 17.Nf3 Rxf3 18.gxf3 Bxh3 19.Rfd1 Qf6 20.Bc6 Nf5 21.Bxd5+ Kh8
22.Qc3 Nd4 23.Qxd4 {#r} 1-0

[Event "Ch Croatia (team) (3rd league)"]
[Site "masterchessopen.com Zagreb (Croatia)"]
[Date "2008.11.09"]
[Round "11"]
[White "Bazant Jurica (CRO)"]
[Black "Zecevic Dean (CRO)"]
[Result "0-1"]
[WhiteElo "2148"]
[BlackElo "2264"]

1.d4 Nf6 2.c4 e6 3.Nf3 Bb4+ 4.Bd2 Qe7 5.g3 Nc6 6.Bg2 Bxd2+ 7.Qxd2 d6 8.Nc3 e5
9.dxe5 dxe5 10.O-O e4 11.Ne1 Nd7 12.Nc2 h6 13.Ne3 Qf6 14.Ned5 Qd8 15.Qd4 {#R}
0-1

[Event "It (cat.4)"]
[Site "masterchessopen.com Pamplona (Spain)"]
[Round "2"]
[White "Mihailovs Jurijs (LAT)"]
[Black "Fayard Alain (FRA)"]
[Result "1-0"]
[WhiteElo "2375"]
[BlackElo "2243"]

1.d4 Nf6 2.c4 e6 3.Nf3 Bb4+ 4.Nbd2 b6 5.a3 Bxd2+ 6.Qxd2 Bb7 7.g3 Be4 8.b4 Qe7
9.Bh3 Qf8 10.Bg2 Ng4 11.Rf1 f5 12.Qd1 f4 13.Nd2 d5 14.Nxe4 dxe4 15.h3 Nf6
16.Qb3 e5 17.c5 e3 18.fxe3 fxg3 19.Qc4 Ng4 20.Rf3 h5 21.Rxg3 e4 22.b5 {#r} 1-0

[Event "Memorial Olexa (open)"]
[Site "masterchessopen.com Brno (Czech Republic)"]
[Date "2008.12.25"]
[Round "1"]
[White "Vales Vaclav (CZE)"]
[Black "Glacner Karel (CZE)"]
[Result "1-0"]
[WhiteElo "2179"]
[BlackElo "1851"]

1.d4 Nf6 2.Nf3 e6 3.c4 Bb4+ 4.Bd2 Qe7 5.e3 O-O 6.Bd3 b6 7.O-O Bd6 8.e4 e5
9.dxe5 Bxe5 10.Nxe5 Qxe5 11.Bc3 Qe6 12.e5 Ne8 13.Nd2 Bb7 14.Nf3 h6 15.Nd4 Qxe5
16.Nf5 Qc5 17.b4 Bxg2 18.bxc5 Bxf1 19.Nxh6+ {#r} 1-0

[Event "It (open)"]
[Site "masterchessopen.com L'Hospitalet de Llobregat (Spain)"]
[Date "2008.12.29"]
[Round "3"]
[White "Garcia Riera Josep (ESP)"]
[Black "Herrera Mellado Luis (ESP)"]
[Result "1-0"]
[WhiteElo "2042"]
[BlackElo "2129"]

1.d4 Nf6 2.c4 e6 3.Nf3 Bb4+ 4.Bd2 Qe7 5.e3 O-O 6.Bd3 d5 7.Nc3 b6 8.a3 Bxc3
9.Bxc3 Bb7 10.O-O c5 11.Rc1 Nbd7 12.Qe2 Rfd8 13.Rfd1 cxd4 14.Bb4 Qe8 15.exd4
Rdc8 16.Ne5 a6 17.Bd2 h6 18.Rc3 Nxe5 19.dxe5 d4 20.exf6 dxc3 21.Bxc3 g6 22.Qe3
Qc6 23.f3 e5 24.Be4 {#r} 1-0

[Event "Ch Oberfranken"]
[Site "masterchessopen.com Schney (Germany)"]
[Date "2009.01.04"]
[Round "6"]
[White "Brueckner Klaus"]
[Black "Buettner Martin"]
[Result "0-1"]
[WhiteElo "1893"]
[BlackElo "1770"]

1.d4 Nf6 2.c4 e6 3.Nf3 Bb4+ 4.Bd2 Bxd2+ 5.Qxd2 O-O 6.Nc3 d5 7.e3 b6 8.cxd5
exd5 9.Bd3 c5 10.Rc1 c4 11.Bb1 Nc6 12.O-O Qe7 13.b3 Ba6 14.Rfe1 b5 15.e4 dxe4
16.Nxe4 Nxe4 17.Rxe4 Qd6 18.Rh4 h6 19.g4 Qf6 20.g5 Qxf3 21.Be4 Nxd4 22.Qxd4
Rad8 23.Bxf3 Rxd4 24.Rxd4 {#R} 0-1

[Event "Memorial Kirov (open)"]
[Site "masterchessopen.com Sofia (Bulgaria)"]
[Date "2009.01.04"]
[Round "3"]
[White "Dobrev Nanko (BUL)"]
[Black "Petkov Vladimir (BUL)"]
[Result "0-1"]
[WhiteElo "2352"]
[BlackElo "2429"]

1.d4 Nf6 2.Nf3 e6 3.c4 Bb4+ 4.Nbd2 O-O 5.a3 Be7 6.Qc2 d5 7.c5 a5 8.Ne5 Nbd7
9.c6 Nxe5 10.dxe5 Ng4 11.Nf3 f6 12.e4 bxc6 13.exf6 Nxf6 14.e5 Ne4 15.Qxc6 Rb8
16.Be2 Nc5 17.Bg5 Rxb2 18.Bxe7 Qxe7 19.Rc1 Ne4 20.Qa4 c5 21.Rc2 Bd7 {#R} 0-1

[Event "It (open)"]
[Site "masterchessopen.com New Delhi (India)"]
[Date "2009.01.11"]
[Round "2"]
[White "Swapnil S Dhopade (IND)"]
[Black "Devangi Patankar (IND)"]
[Result "1-0"]
[WhiteElo "2368"]
[BlackElo "2079"]

1.d4 Nf6 2.c4 e6 3.Nf3 Bb4+ 4.Bd2 c5 5.Bxb4 cxb4 6.a3 bxa3 7.Nxa3 d5 8.e3 O-O
9.b4 dxc4 10.Nxc4 Bd7 11.Bd3 Bb5 12.O-O Na6 13.Nce5 Qb6 14.Bxb5 Qxb5 15.Qd3
Nc7 16.Rfc1 Qxd3 17.Nxd3 Rfc8 18.Nfe5 Nb5 19.Rc4 Rxc4 {#r} 1-0

[Event "It (open)"]
[Site "masterchessopen.com Queenstown (New Zealand)"]
[Date "2009.01.15"]
[Round "1"]
[White "Tanoi Toleafoa E (NZL)"]
[Black "Garbett Paul Anthony (NZL)"]
[Result "0-1"]
[WhiteElo "1971"]
[BlackElo "2311"]

1.d4 Nf6 2.c4 e6 3.Nf3 Bb4+ 4.Bd2 Qe7 5.Nc3 Bxc3 6.Bxc3 Ne4 7.Qc2 f5 8.e3 b6
9.g3 Bb7 10.Bg2 Nxc3 11.Qxc3 d6 12.d5 e5 13.O-O O-O 14.Rfe1 Nd7 15.h4 a5
16.Ng5 Nc5 17.e4 h6 18.Nh3 fxe4 19.Bxe4 Nxe4 20.Rxe4 Qf7 21.Rf1 Qf5 {#R} 0-1

[Event "It (open)"]
[Site "masterchessopen.com Queenstown (New Zealand)"]
[Date "2009.01.19"]
[Round "5"]
[White "Armstrong Malcolm (ENG)"]
[Black "Hohler Peter (SUI)"]
[Result "1-0"]
[WhiteElo "2019"]
[BlackElo "2228"]

1.d4 Nf6 2.Nf3 e6 3.c4 Bb4+ 4.Nbd2 O-O 5.g3 c5 6.a3 Bxd2+ 7.Bxd2 b6 8.Bg2 Bb7
9.Bg5 h6 10.Bxf6 Qxf6 11.Qc2 Nc6 12.dxc5 Nd4 13.Qd3 Nxf3+ 14.exf3 Qe5+ 15.Qe3
Qxc5 16.Rc1 Rac8 17.O-O Qxe3 {#r} 1-0

[Event "It (open)"]
[Site "masterchessopen.com Queenstown (New Zealand)"]
[Date "2009.01.21"]
[Round "7"]
[White "Davis Justin (NZL)"]
[Black "Williams Pablo"]
[Result "0-1"]
[WhiteElo "1939"]
[BlackElo "1633"]

1.d4 Nf6 2.Nf3 e6 3.c4 Bb4+ 4.Nbd2 O-O 5.g3 d5 6.Qc2 c5 7.a3 Bxd2+ 8.Bxd2 cxd4
9.Nxd4 e5 10.Nb5 a6 11.Nc3 d4 12.Ne4 Nxe4 13.Qxe4 Nc6 14.Bg2 Be6 15.Rc1 f5
16.Qc2 e4 17.O-O Ne5 18.b3 Rc8 19.Bxe4 fxe4 20.Qxe4 Qf6 21.Qxd4 Nf3+ 22.exf3
Qxd4 {#R} 0-1

[Event "Ch Departamental"]
[Site "masterchessopen.com Yumbo (Colombia)"]
[Date "2009.03.08"]
[Round "7"]
[White "Barona Angel (COL)"]
[Black "Moran Daniel (COL)"]
[Result "1-0"]
[WhiteElo "2178"]
[BlackElo "2055"]

1.d4 Nf6 2.Nf3 e6 3.c4 Bb4+ 4.Nbd2 b6 5.a3 Bxd2+ 6.Nxd2 Bb7 7.Qc2 O-O 8.e4 d6
9.Bd3 Nbd7 10.b4 e5 11.Bb2 Qe7 12.d5 Nh5 13.g3 g6 14.Be2 Ng7 15.h4 {#r} 1-0

[Event "Ch Europe"]
[Site "masterchessopen.com Budva (Montenegro)"]
[Date "2009.03.16"]
[Round "10"]
[White "Pantic Ivica (SRB)"]
[Black "Arsovic Goran (SRB)"]
[Result "0-1"]
[WhiteElo "2197"]
[BlackElo "2423"]

1.d4 Nf6 2.c4 e6 3.Nf3 Bb4+ 4.Bd2 Qe7 5.g3 Nc6 6.Bg2 Bxd2+ 7.Qxd2 Ne4 8.Qc2
Qb4+ 9.Nc3 Nxc3 10.Qxc3 Qxc3+ 11.bxc3 d6 12.Nd2 Na5 13.e4 e5 14.Bf1 Nc6 15.Nb3
b6 16.c5 bxc5 17.dxc5 Rb8 18.cxd6 cxd6 19.O-O-O Ke7 20.Be2 Be6 21.Kb2 Na5
22.Ka3 Nxb3 23.axb3 Rxb3+ 24.Ka4 Rhb8 {#R} 0-1

[Event "Ch SK \"]
[Site "masterchessopen.com Muenster (Germany)"]
[Date "2009.04.12"]
[Round "5"]
[White "Ringwelski Marius (GER)"]
[Black "Mueller Achim (GER)"]
[Result "1-0"]
[WhiteElo "2042"]
[BlackElo "2082"]

1.Nf3 Nf6 2.c4 e6 3.d4 Bb4+ 4.Bd2 Qe7 5.Nc3 O-O 6.g3 d5 7.cxd5 exd5 8.Bg2 Bxc3
9.Bxc3 Re8 10.e3 Bg4 11.O-O Qe4 12.h3 Bh5 13.g4 Nxg4 14.hxg4 Qxg4 15.Qb3 Qf5
16.Ne5 Nc6 17.Qxd5 Nxe5 18.dxe5 Rad8 19.Qe4 Qg5 20.f4 Qg3 21.f5 Be2 22.Qf4
{#r} 1-0

[Event "It (juniors) (team)"]
[Site "masterchessopen.com Vrnjacka Banja (Serbia)"]
[Date "2009.04.26"]
[Round "9"]
[White "Hornjak Tamara (SRB)"]
[Black "Miladinovic Lena (SRB)"]
[Result "0-1"]
[WhiteElo "1464"]
[BlackElo "2026"]

1.d4 Nf6 2.Nf3 e6 3.c4 Bb4+ 4.Bd2 Qe7 5.a3 Bxd2+ 6.Nbxd2 d6 7.e3 e5 8.dxe5
dxe5 9.e4 Nc6 10.Qb3 O-O 11.Be2 Rb8 12.Qc3 Bg4 13.h3 Bxf3 14.Nxf3 Nxe4 15.Qe3
Nd6 16.O-O Nf5 17.Qe4 Nfd4 18.Bd3 f5 19.Qd5+ Kh8 20.Nxd4 Nxd4 21.f4 Nc6
22.fxe5 Rbd8 {#R} 0-1

[Event "Ch World (amateurs)"]
[Site "masterchessopen.com Thessaloniki (Greece)"]
[Date "2009.04.28"]
[Round "2"]
[White "Konstantinidis Lazaros (GRE)"]
[Black "Papadopoulos Gerasimos (GRE)"]
[Result "1-0"]
[WhiteElo "1942"]
[BlackElo "1758"]

1.d4 Nf6 2.c4 e6 3.Nf3 Bb4+ 4.Nbd2 Bxd2+ 5.Bxd2 b6 6.Bg5 Bb7 7.e3 O-O 8.Bd3 d5
9.cxd5 exd5 10.Ne5 Qd6 11.Bxf6 gxf6 12.Qh5 f5 13.Bxf5 h6 14.Ng4 Kg7 15.h4 Bc8
16.Bxc8 Rxc8 17.Rh3 {#r} 1-0

[Event "Ch France (team) 2009"]
[Site "masterchessopen.com France"]
[Date "2009.05.30"]
[Round "10"]
[White "Mchedlishvili Mikheil (GEO)"]
[Black "Vuilleumier Alex (SUI)"]
[Result "1-0"]
[WhiteElo "2592"]
[BlackElo "2304"]

1.c4 Nf6 2.d4 e6 3.Nf3 Bb4+ 4.Nbd2 O-O 5.e3 c5 6.a3 Bxd2+ 7.Qxd2 cxd4 8.exd4
b6 9.b4 Bb7 10.Be2 d6 11.O-O Nbd7 12.Bb2 Re8 13.Rfd1 Qe7 14.Qe3 h6 15.h3 Rac8
16.Re1 Qf8 17.Rf1 Rc7 18.Rac1 Ra8 19.a4 Bxf3 20.Qxf3 d5 21.c5 a5 22.c6 Qxb4
23.cxd7 Rxd7 24.Qa3 {#r} 1-0

[Event "It (open)"]
[Site "masterchessopen.com Albena (Bulgaria)"]
[Date "2009.06.23"]
[Round "4"]
[White "Ivanova Gergana (BUL)"]
[Black "Lao Lenath (FRA)"]
[Result "1-0"]
[WhiteElo "1651"]
[BlackElo "1947"]

1.d4 Nf6 2.c4 e6 3.Nf3 Bb4+ 4.Bd2 c5 5.Bxb4 cxb4 6.g3 O-O 7.Bg2 d6 8.O-O Qe7
9.Nbd2 e5 10.d5 e4 11.Ng5 e3 12.Nde4 exf2+ 13.Kh1 Ng4 14.h3 Ne3 15.Qd3 Nxf1
16.Nf6+ {#r} 1-0

[Event "It (open)"]
[Site "masterchessopen.com Dresden (Germany)"]
[Date "2009.07.02"]
[Round "9"]
[White "Seres Lajos (HUN)"]
[Black "Shteinberg Vladimir (ISR)"]
[Result "1-0"]
[WhiteElo "2456"]
[BlackElo "2171"]

1.d4 Nf6 2.c4 e6 3.Nf3 Bb4+ 4.Bd2 c5 5.e3 O-O 6.Bd3 Nc6 7.O-O b6 8.Nc3 d5
9.dxc5 Bxc5 10.cxd5 Nxd5 11.Nxd5 Qxd5 12.Qc2 Qh5 13.Be4 Bd7 14.b4 Nxb4 15.Bxb4
Bxb4 16.Bxa8 Rc8 17.Qe4 {#r} 1-0

[Event "It (open) \"]
[Site "masterchessopen.com Jyvaskyla (Finland)"]
[Date "2009.07.07"]
[Round "1"]
[White "Koivusalo Ville (FIN)"]
[Black "Rudolf Anna (HUN)"]
[Result "0-1"]
[WhiteElo "1923"]
[BlackElo "2313"]

1.Nf3 Nf6 2.d4 e6 3.c4 Bb4+ 4.Bd2 c5 5.a3 Bxd2+ 6.Nbxd2 d6 7.e3 O-O 8.Be2 Nc6
9.O-O e5 10.dxe5 dxe5 11.Qc2 Qe7 12.Bd3 g6 13.Rfd1 Bg4 14.h3 Bxf3 15.gxf3 Rad8
16.Ne4 Nh5 17.Kh2 f5 18.Nc3 Qh4 19.Rg1 e4 20.fxe4 Ne5 21.Be2 Ng4+ 22.Bxg4 fxg4
{#R} 0-1

[Event "Cup of Corporation \"]
[Site "masterchessopen.com Izhevsk (Russia)"]
[Date "2009.07.17"]
[Round "3"]
[White "Igambergenov Alibek (KAZ)"]
[Black "Severiukhina Zoja (RUS)"]
[Result "1-0"]
[WhiteElo "2131"]
[BlackElo "2340"]

1.d4 Nf6 2.c4 e6 3.Nf3 Bb4+ 4.Bd2 Qe7 5.a3 Bxd2+ 6.Qxd2 d6 7.Nc3 Nc6 8.e4 a5
9.Bd3 e5 10.d5 Nb8 11.O-O O-O 12.b4 Bg4 13.Qe3 Nh5 14.Nd2 Na6 15.Rfb1 Nf4
16.Bf1 Qg5 17.Kh1 f5 18.f3 Bh5 19.exf5 axb4 20.axb4 Qxf5 21.g4 Bxg4 22.fxg4
Qxg4 23.Nce4 Kh8 24.b5 {#r} 1-0

[Event "Cup Summer (open)"]
[Site "masterchessopen.com Porto Carras (Greece)"]
[Date "2009.07.19"]
[Round "2"]
[White "Pavlidis Anastasios (GRE)"]
[Black "Nikolaidis Georgios (GRE)"]
[Result "1-0"]
[WhiteElo "2348"]
[BlackElo "1912"]

1.d4 Nf6 2.c4 e6 3.Nf3 Bb4+ 4.Nbd2 b6 5.a3 Bxd2+ 6.Bxd2 Bb7 7.Bg5 h6 8.Bh4 g5
9.Bg3 Ne4 10.d5 Nxg3 11.hxg3 Qf6 12.Qd2 Na6 13.Rd1 O-O-O 14.e3 e5 15.b4 d6
16.Qc2 Qe7 17.Nd2 Kb8 18.e4 Bc8 19.c5 dxc5 20.b5 {#r} 1-0

[Event "It (open)"]
[Site "masterchessopen.com Paleochora (Greece)"]
[Date "2009.07.22"]
[Round "3"]
[White "Livner Anders (SWE)"]
[Black "Antic Dejan (SRB)"]
[Result "0-1"]
[WhiteElo "2315"]
[BlackElo "2523"]

1.d4 Nf6 2.c4 e6 3.Nf3 Bb4+ 4.Nbd2 O-O 5.a3 Be7 6.e4 d5 7.e5 Nfd7 8.b4 a5 9.b5
c5 10.Bb2 cxd4 11.Bxd4 Nc5 12.Be2 Nbd7 13.Qc2 b6 14.O-O Bb7 15.Rfd1 Rc8 16.Qb2
Qc7 17.Rac1 Qb8 18.cxd5 exd5 19.Nb1 Ne6 20.Be3 Bc5 21.Bxc5 Ndxc5 22.Qd2 Rcd8
23.Re1 Nb3 {#R} 0-1

[Event "It (open)"]
[Site "masterchessopen.com Nordhausen (Germany)"]
[Round "4"]
[White "Krannich Thomas"]
[Black "Turova Irina (RUS)"]
[Result "0-1"]
[WhiteElo "1951"]
[BlackElo "2387"]

1.d4 Nf6 2.Nf3 e6 3.c4 Bb4+ 4.Bd2 c5 5.g3 Qb6 6.Bg2 cxd4 7.O-O Bxd2 8.Nbxd2
Nc6 9.c5 Qxc5 10.Nb3 Qb6 11.Nfxd4 O-O 12.e4 d5 13.Nxc6 bxc6 14.e5 Nd7 15.Re1
c5 16.Qd2 a5 17.Nc1 a4 18.Nd3 Ba6 19.Nf4 Qb4 20.Qc1 g6 21.h4 Qd4 22.h5 Nxe5
23.hxg6 hxg6 24.Qc2 Nd3 {#R} 0-1

[Event "It \"]
[Site "masterchessopen.com Mainz (Germany)"]
[Date "2009.08.01"]
[Round "1"]
[White "Freise Eckhard (GER)"]
[Black "Grischuk Alexander (RUS)"]
[Result "0-1"]
[WhiteElo "2032"]
[BlackElo "2733"]

1.d4 Nf6 2.c4 e6 3.Nf3 Bb4+ 4.Nbd2 O-O 5.Qc2 d5 6.a3 Be7 7.e3 b6 8.Bd3 Bb7
9.O-O Nbd7 10.b4 dxc4 11.Nxc4 Bxf3 12.gxf3 c5 13.dxc5 bxc5 14.Bd2 cxb4 15.axb4
Rc8 16.Rfd1 Ne5 17.Be2 Qd5 18.e4 Rxc4 19.Bxc4 Nxf3+ 20.Kf1 Qh5 21.Ra5 Qh3+
{#R} 0-1

[Event "It (open)"]
[Site "masterchessopen.com Tabor (Czech Republic)"]
[Date "2009.08.03"]
[Round "2"]
[White "Bagrationi Alexander (UKR)"]
[Black "Mazur David (CZE)"]
[Result "1-0"]
[WhiteElo "2366"]
[BlackElo "2073"]

1.d4 Nf6 2.c4 e6 3.Nf3 Bb4+ 4.Nbd2 Qe7 5.a3 Bxd2+ 6.Qxd2 d6 7.b3 e5 8.dxe5
dxe5 9.Bb2 e4 10.Nd4 c5 11.Nb5 O-O 12.Qg5 Nbd7 13.Nc7 h6 14.Qg3 Nh5 15.Qc3 Rb8
16.g4 Nhf6 17.Rg1 Qd6 18.Nd5 Ne8 19.g5 h5 20.O-O-O Qxh2 21.Rg2 Qh4 22.Ne7+ Kh7
23.Nxc8 {#r} 1-0